| 000 | 00886nam a2200241Ia 4500 | ||
|---|---|---|---|
| 003 | GCL | ||
| 008 | 140319s9999 xx 000 0 ara d | ||
| 020 | _a1284314977 | ||
| 040 |
_aGCL / _cGCL |
||
| 082 | 0 | 4 |
_a371.897 _bا ف |
| 100 | 1 | _aايناس محمود | |
| 245 | 1 | 0 |
_aالصحافة والاذاعية المدرسية : _bفن التصوير والاخراج فى الصحافة المدرسية / _cايناس محمود |
| 250 | _aالاولى | ||
| 260 |
_aالقاهرة : _bمكتبة زهراء الشرق ، _c2006 |
||
| 300 |
_a272 ص ؛ _c24 سم |
||
| 650 | 0 | 4 | _aالنشاط المدرسى |
| 650 | 0 | 4 | _aالصحافة والتعليم |
| 650 | 0 | 4 | _aالصحافة المدرسية |
| 650 | 0 | 4 | _aالطلبة - نشاط |
| 650 | 0 | 4 | _aالصحافة المدرسية - تصميم |
| 650 | 0 | 4 | _aالصحافة المدرسية - اخراج |
| 942 |
_2ddc _cBK |
||
| 999 |
_c8217 _d8217 |
||